<?xml version="1.0" encoding="UTF-8"?>
<collection xmlns="http://www.loc.gov/MARC21/slim">
  <record>
    <leader>00000nam  2200000   4500</leader>
    <controlfield tag="001">INLIS000000000018869</controlfield>
    <controlfield tag="005">20250108112055</controlfield>
    <datafield tag="035" ind1="#" ind2="#">
      <subfield code="a">0010-0125000013</subfield>
    </datafield>
    <controlfield tag="007">ta</controlfield>
    <controlfield tag="008">250108################g##########0#ind##</controlfield>
    <datafield tag="020" ind1="#" ind2="#">
      <subfield code="a">979 511 021 7</subfield>
    </datafield>
    <datafield tag="082" ind1="#" ind2="#">
      <subfield code="a">959.8</subfield>
    </datafield>
    <datafield tag="084" ind1="#" ind2="#">
      <subfield code="a">959.8 ROS i</subfield>
    </datafield>
    <datafield tag="100" ind1=" " ind2="#">
      <subfield code="a">Rose, Mavis</subfield>
    </datafield>
    <datafield tag="245" ind1="1" ind2="#">
      <subfield code="a">Indonesia Merdeka :</subfield>
      <subfield code="b">Biografi Politik Mohammad Hatta /</subfield>
      <subfield code="c">Mavis Rose</subfield>
    </datafield>
    <datafield tag="260" ind1="#" ind2="#">
      <subfield code="a">Jakarta :</subfield>
      <subfield code="b">Gramedia Pustaka Utama,</subfield>
      <subfield code="c">1991</subfield>
    </datafield>
    <datafield tag="300" ind1="#" ind2="#">
      <subfield code="a">396 halaman :</subfield>
      <subfield code="b">ilus ;</subfield>
      <subfield code="c">21 cm</subfield>
    </datafield>
    <datafield tag="650" ind1="#" ind2="4">
      <subfield code="a">Biografi Tokoh</subfield>
    </datafield>
    <datafield tag="520" ind1="#" ind2="#">
      <subfield code="a">Buku ini diawali dengan kisah mengenai pengaruh dimensi kultural alam Minangkabau terhadap diri Mohammad Hatta, sewaktu Bapak Bangsa Indonesia ini menjalani masa kanak-kanaknya. Dialektika antara napas Islami, yang melekat dalam budaya Minangkabau, dengan rasionalitas Barat melalui pendidikan yang diterima Hatta, membentuk sosok yang terkesan pendiam ini sebagai seorang negarawan yang disegani.&#13;
Buku ini mengungkap banyak hal yang belum diketahui umum mengenai aspek-aspek kepribadian Hatta, dan terutama mengenai hubungannya dengan Bung Karno. Secara menarik, disajikan pola-pola tingkah laku politik yang sangat diametral, namun tidak selalu berarti antagonistik, antara Bung Hatta dengan Bung Karno. Misalnya, proses terbentuknya dwitunggal dan perkembangan selanjutnya gagasan ini menjadi dwitanggal, ketika keutuhan kedua proklamator ini tidak bisa dipertahankan lagi.&#13;
Dengan sudut pandang yang kadang sulit diduga, penulis memilah-milah sosok pribadi Hatta ke dalam keping-keping sejarah politik bangsa Indonesia. Membaca karya ini sesungguhnya bukan sekadar membaca biografi Mohammad Hatta saja. Yang tampil adalah cermin perjalanan bangsa kita, yang terpantul melalui rekaman atas biografi politik salah seorang negarawan terbaik Indonesia.</subfield>
    </datafield>
  </record>
</collection>
